The Economics of Post Conflict Aid /

Post conflict aid is different from conventional development aid and has different effects on the recipient economy. The paper builds a theoretical model tailored around the main stylized facts of post conflict aid and traces the impact of different kinds of post-conflict aid on capital accumulation...

Celý popis

Podrobná bibliografie
Hlavní autor: McHugh, James
Další autoři: Demekas, Dimitri, Kosma, Theodora
Médium: Časopis
Jazyk:English
Vydáno: Washington, D.C. : International Monetary Fund, 2002.
Edice:IMF Working Papers; Working Paper ; No. 2002/198
On-line přístup:Full text available on IMF
LEADER 01737cas a2200265 a 4500
001 AALejournalIMF008341
008 230101c9999 xx r poo 0 0eng d
020 |c 5.00 USD 
020 |z 9781451860078 
022 |a 1018-5941 
040 |a BD-DhAAL  |c BD-DhAAL 
100 1 |a McHugh, James. 
245 1 4 |a The Economics of Post Conflict Aid /  |c James McHugh, Theodora Kosma, Dimitri Demekas. 
264 1 |a Washington, D.C. :  |b International Monetary Fund,  |c 2002. 
300 |a 1 online resource (36 pages) 
490 1 |a IMF Working Papers 
500 |a <strong>Off-Campus Access:</strong> No User ID or Password Required 
500 |a <strong>On-Campus Access:</strong> No User ID or Password Required 
506 |a Electronic access restricted to authorized BRAC University faculty, staff and students 
520 3 |a Post conflict aid is different from conventional development aid and has different effects on the recipient economy. The paper builds a theoretical model tailored around the main stylized facts of post conflict aid and traces the impact of different kinds of post-conflict aid on capital accumulation, growth, welfare, and resource allocation. While both humanitarian and reconstruction aid are welfare-enhancing, humanitarian aid reduces long-run capital accumulation and growth. Reconstruction aid, on the other hand, may increase the long-run capital stock and, if carefully designed, avoid the pitfalls of the Dutch disease. 
538 |a Mode of access: Internet 
700 1 |a Demekas, Dimitri. 
700 1 |a Kosma, Theodora. 
830 0 |a IMF Working Papers; Working Paper ;  |v No. 2002/198 
856 4 0 |z Full text available on IMF  |u http://elibrary.imf.org/view/journals/001/2002/198/001.2002.issue-198-en.xml  |z IMF e-Library